000 00601nam a22001937a 4500
005 20170330171732.0
010 _aENG-117659
020 _a9788184845907
_c750.00
035 _aEN-101191
037 _bDABD/PUB
082 _a346.5407
100 _aSoni,Anita
245 _aA textbook on business laws /
_cby Anita Soni [and] Meenu
260 _aNew Delhi
_bRegal Publication
_c2016
270 _aF-159, Rajouri Garden,
_bNew Delhi
_e110027
300 _ax,185p.:
_c22cm(Hb)
_bill
500 _aIncludes bibliographical references and Index
942 _2ddc
_cEN
_h338.47664
_mSON
999 _c138583
_d138583